| 000 | 00503nam a22001697a 4500 | ||
|---|---|---|---|
| 008 | 230725b |||||||| |||| 00| 0 eng d | ||
| 040 |
_aNational Science Library _cNational Science Library |
||
| 080 | _a620.1:621.039.84(05) | ||
| 245 | _aProgress in non-destructive testing | ||
| 260 |
_aLondon: _bHeywood & Company Ltd, _c1961 |
||
| 300 | _avii, 227p. | ||
| 500 | _aVol. 3 | ||
| 650 | _aNon destructive testing | ||
| 653 | _aOptical methods | ||
| 700 | _aStanford, E G (Ed.) | ||
| 942 |
_2udc _cREF |
||
| 999 |
_c54900 _d54900 |
||